书目信息 |
| 题名: |
集体教育
|
|
| 作者: | 赵玉如 | |
| 分册: | ||
| 出版信息: | 北京 教育科学 1999 |
|
| 页数: | 144页 | |
| 开本: | 19cm | |
| 丛书名: | ||
| 单 册: | ||
| 中图分类: | G417 | |
| 科图分类: | ||
| 主题词: | 德育--学校教育 , 思想政治教育--学校教育 | |
| 电子资源: | ||
| ISBN: | 7-5041-1853-2 | |
| 000 | 00592nam0 2200205 450 | |
| 001 | 0753865015 | |
| 005 | 20070818145745.01 | |
| 010 | @a7-5041-1853-2@d¥7.00 | |
| 100 | @a20070818d km y0chiy0120 ea | |
| 101 | 0 | @achi |
| 200 | 1 | @a集体教育@Aji ti jiao yu@e基础教育新概念@f赵玉如@Fzhao yu ru |
| 210 | @a北京@c教育科学@d1999 | |
| 215 | @a144页@d19cm | |
| 517 | 1 | @a基础教育新概念@Aji chu jiao yu xin gai nian |
| 606 | 0 | @a德育--学校教育 |
| 606 | 0 | @a思想政治教育--学校教育 |
| 690 | @aG417@v3 | |
| 701 | 0 | @a赵玉如@Azhao yu ru |
| 801 | 0 | @aCN@bPFT@c20070818 |
| 905 | @a213230@dG417@ee566@f1 | |
| 集体教育:基础教育新概念/赵玉如.-北京:教育科学,1999 |
| 144页;19cm |
| ISBN 7-5041-1853-2:¥7.00 |
| ● |
| 相关链接 |
|
|
|
|
正题名:集体教育
索取号:G417/e566
 
预约/预借
| 序号 | 登录号 | 条形码 | 馆藏地/架位号 | 状态 | 备注 |
| 1 | 6302759 | 263027593 | 教育系资料室/ [索取号:G417/e566] | 在馆 | |
| 2 | 6302760 | 263027600 | 教育系资料室/ [索取号:G417/e566] | 在馆 |